banner koha

Patologia do semen; diagnostico andrologico e classificacao do Bos taurus e Bos indicus quanto a fertilidade para uso como reprodutores em condicoes de Brasil - de um estudo em 1088 touros (Registro n. 43837)

MARC details
000 -LÍDER
campo de controle de tamanho fixo 00992nam a22003017a 4500
001 - NÚMERO DE CONTROLE
campo de controle BR8903000
003 - IDENTIFICADOR DO NÚMERO DE CONTROLE
campo de controle BR-BrBNA
005 - DATA E HORÁRIO DA ÚLTIMA TRANSAÇÃO
campo de controle 20230928093237.0
007 - CAMPO FIXO DE DESCRIÇÃO FÍSICA--INFORMAÇÃO GERAL
campo de controle de tamanho fixo ta
008 - CAMPO DE DADOS FIXOS--INFORMAÇÃO GERAL
campo de controle de tamanho fixo 230509b bl.||||| |||| 00| 0 por d
040 ## - FONTE DA CATALOGAÇÃO
Instituição da catalogação original BR-BrBNA
Idioma da catalogação por
Instituição que transcreveu o registro Biblioteca Nacional de Agricultura
041 ## - CÓDIGO DE IDIOMA
Código do idioma do texto/trilha sonora ou título diferente (Por)
072 ## - CÓDIGO DE CATEGORIA DE ASSUNTO
Código de Categoria de Assunto L10; L53
Código do objeto 3580
-- 5212
-- /G514
090 ## - NÚMERO DE CHAMADA LOCAL
-- 3580 BR8903000
100 1# - ENTRADA PRINCIPAL--NOME PESSOAL
Nome pessoal Vale Filho, V.R. do
100 1# - ENTRADA PRINCIPAL--NOME PESSOAL
Nome pessoal Pinto, P.A.
100 1# - ENTRADA PRINCIPAL--NOME PESSOAL
Nome pessoal Fonseca, J. da
100 1# - ENTRADA PRINCIPAL--NOME PESSOAL
Nome pessoal Soares, L.C.O.V.
245 1# - TÍTULO
Título Patologia do semen; diagnostico andrologico e classificacao do Bos taurus e Bos indicus quanto a fertilidade para uso como reprodutores em condicoes de Brasil - de um estudo em 1088 touros
260 3# - PUBLICAÇÃO, DISTRIBUIÇÃO, ETC.
Local de publicação, distribuição, etc. [np]:
Data da publicação, distribuição, etc. [nd].
300 ## - DESCRIÇÃO FÍSICA
Extensão 54 p.
500 ## - NOTA GERAL
Nota geral 34 illus.; 7 tables; Bibliography p. 47-54 (104 ref.); Published after 1980
650 ## - ASSUNTO--TERMO TÓPICO
Cabeçalho tópico ou nome geográfico TOURO
650 ## - ASSUNTO--TERMO TÓPICO
Cabeçalho tópico ou nome geográfico INSEMINACAO ARTIFICIAL
650 ## - ASSUNTO--TERMO TÓPICO
Cabeçalho tópico ou nome geográfico FERTILIDADE ANIMAL
909 ## -
-- 202309
-- Lucia
-- 55
-- Lucia Elande
942 ## - ELEMENTOS DE ENTRADA ADICIONADOS (KOHA)
Tipo de material Koha Livros
Exemplares
Situação do descarte Fonte da classificação ou esquema de arquivamento na estante Situação física Não pode ser emprestado Coleção Biblioteca de origem Biblioteca atual Total de empréstimos Número de telefone completo Código de barras Data de último acesso Número do exemplar Tipo de material Koha Situação das perdas Data de aquisição Fonte de aquisição
  Classificação AGRIS       Biblioteca Nacional de Agricultura - Binagri Biblioteca Nacional de Agricultura - Binagri   3580 BR8903000 3580 BR8903000 25/09/2023 01 Livros   2023-09-25 Portaria Interministerial nº 164/94

BINAGRI

Telefone: (61)3218-2567/2388/3357/2097 - binagri@agro.gov.br

Ministério da Agricultura e Pecuária , Esplanada dos Ministérios, Bloco D, Anexo B, Brasília/DF, CEP: 70.043-900